[Event "2021 FIDE Online Olympiad"]
[Site "Chess.com"]
[Date "2021.08.28"]
[Round "6.4"]
[White "Patino Garcia, Corals"]
[Black "Curwin, Nickaylah"]
[Result "1-0"]
[WhiteElo "1799"]
[BlackElo "1422"]
[PlyCount "129"]
[EventDate "2021.08.27"]
[EventType "team"]
[EventRounds "9"]
[SourceVersionDate "2018.05.14"]
[WhiteTeam "Venezuela"]
[BlackTeam "Jamaica"]
[WhiteTeamCountry "VEN"]
[BlackTeamCountry "JAM"]

1. d4 d5 2. Bf4 c6 3. e3 Qb6 4. b3 Bf5 5. Bd3 Bg6 6. Nf3 Nf6 7. Ne5 Bxd3 8.
Qxd3 e6 9. Nd2 c5 10. O-O Nc6 11. Ndf3 Nb4 12. Qe2 Rc8 13. c4 Be7 14. dxc5 Bxc5
15. a3 Nc6 16. b4 Be7 17. c5 Qd8 18. Nxc6 bxc6 19. Qa6 O-O 20. Qxa7 Ne4 21. Nd4
Bf6 22. Bg3 Nxg3 23. hxg3 e5 24. Nf5 Rc7 25. Qa6 Qd7 26. Nh4 Qg4 27. Nf3 Qe6
28. Rfd1 Rd8 29. Qe2 h6 30. e4 d4 31. Qd3 Qc8 32. Nd2 Rdd7 33. Nc4 Qb8 34. Rdb1
Rb7 35. Nd6 Rxd6 36. cxd6 Qxd6 37. Rc1 Rc7 38. Rc4 Be7 39. Rac1 Qe6 40. a4 Qd7
41. b5 c5 42. b6 Rb7 43. a5 Qb5 44. Ra1 Qa6 45. Qb3 Bd6 46. Rcc1 g6 47. Qd5 Bb8
48. Qxc5 d3 49. Qd5 Kg7 50. Rd1 Re7 51. Qxd3 Qb7 52. Qd5 Qa6 53. Qc5 Re6 54.
Rd8 Qb7 55. Qf8+ Kf6 56. Rxb8 Qxe4 57. Qh8+ Kg5 58. Qd8+ f6 59. Qd2+ Kh5 60.
Rd8 g5 61. a6 Rxb6 62. a7 Rb1+ 63. Rxb1 Qxb1+ 64. Kh2 f5 65. a8=Q 1-0

[Event "2021 FIDE Online Olympiad"]
[Site "Chess.com"]
[Date "2021.08.28"]
[Round "6.5"]
[White "Brown, Akeem"]
[Black "Escalona Landi, Samid Eduardo"]
[Result "0-1"]
[WhiteElo "1932"]
[BlackElo "2177"]
[PlyCount "84"]
[EventDate "2021.08.27"]
[EventType "team"]
[EventRounds "9"]
[SourceVersionDate "2018.05.14"]
[WhiteTeam "Jamaica"]
[BlackTeam "Venezuela"]
[WhiteTeamCountry "JAM"]
[BlackTeamCountry "VEN"]

1. d4 g6 2. c4 Bg7 3. Nc3 d6 4. e4 Nd7 5. Nge2 e5 6. d5 a5 7. Ng3 h5 8. h4 Bh6
9. Be2 Nc5 10. Bxh6 Nxh6 11. Qc2 O-O 12. f3 Kg7 13. O-O-O a4 14. Kb1 Bd7 15.
Nf1 f5 16. Ne3 fxe4 17. fxe4 Rf2 18. Rdf1 Rxf1+ 19. Bxf1 Qf6 20. Be2 Qf4 21.
Ned1 Rf8 22. Bf3 Nf5 23. Ne2 Qh6 24. Qc1 Qxc1+ 25. Kxc1 Nd4 26. Nxd4 exd4 27.
Kd2 Bg4 28. Rf1 Nxe4+ 29. Kd3 Ng3 30. Rf2 Bxf3 31. gxf3 Nf5 32. Rh2 Re8 33. b3
a3 34. b4 b6 35. Kd2 Ne3 36. Nxe3 Rxe3 37. Rh1 Rxf3 38. Re1 Re3 39. Rc1 Rc3 40.
Re1 Rxc4 41. Re7+ Kf6 42. Kd3 Kxe7 0-1

[Event "2021 FIDE Online Olympiad"]
[Site "Chess.com"]
[Date "2021.08.28"]
[Round "6.6"]
[White "Matute Escobar, Roxanny"]
[Black "Brown, Raehanna"]
[Result "1-0"]
[WhiteElo "1728"]
[BlackElo "1540"]
[PlyCount "47"]
[EventDate "2021.08.27"]
[EventType "team"]
[EventRounds "9"]
[SourceVersionDate "2018.05.14"]
[WhiteTeam "Venezuela"]
[BlackTeam "Jamaica"]
[WhiteTeamCountry "VEN"]
[BlackTeamCountry "JAM"]

1. e4 c5 2. Nf3 Nc6 3. d4 cxd4 4. Nxd4 g6 5. Nc3 Bg7 6. Be3 Nf6 7. Bc4 O-O 8.
Bb3 d6 9. f3 Bd7 10. Qd2 Rc8 11. h4 h5 12. O-O-O Ne5 13. g4 Nc4 14. Bxc4 Rxc4
15. Nd5 Nxd5 16. exd5 Qc7 17. gxh5 Rc8 18. Rh2 Bxd4 19. Bxd4 Bf5 20. c3 Kf8 21.
hxg6 fxg6 22. h5 Qa5 23. hxg6 Qxa2 24. Rh8# 1-0

[Event "2021 FIDE Online Olympiad"]
[Site "Chess.com"]
[Date "2021.08.28"]
[Round "6.1"]
[White "Warner, Delisle"]
[Black "Eichab, Charles"]
[Result "0-1"]
[WhiteElo "2195"]
[BlackElo "2016"]
[PlyCount "142"]
[EventDate "2021.08.27"]
[EventType "team"]
[EventRounds "9"]
[SourceVersionDate "2018.05.14"]
[WhiteTeam "Barbados"]
[BlackTeam "Namibia"]
[WhiteTeamCountry "BAR"]
[BlackTeamCountry "NAM"]

1. d4 Nf6 2. c4 e5 3. dxe5 Ng4 4. Bf4 Nc6 5. Nf3 Bb4+ 6. Nc3 Qe7 7. Qd5 Bxc3+
8. bxc3 f6 9. exf6 Nxf6 10. Qd3 O-O 11. g3 d6 12. Bg2 Ne4 13. O-O Nc5 14. Qe3
Be6 15. Nd4 Na5 16. Nxe6 Nxe6 17. Bd5 Rfe8 18. Rab1 c6 19. Bxe6+ Qxe6 20. Qxe6+
Rxe6 21. Rfd1 Rxe2 22. Rxd6 Rae8 23. Rd7 R2e7 24. Rxe7 Rxe7 25. c5 Re2 26. Bc7
Rxa2 27. Rd1 Nb3 28. Rd8+ Kf7 29. Rd7+ Kf6 30. Bd6 Na5 31. f4 Rc2 32. Be5+ Kf5
33. Rxg7 Ke4 34. Rd7 Nb3 35. Rd1 Nxc5 36. Bd4 Nd3 37. Rf1 c5 38. Bg7 Rc1 39.
Rxc1 Nxc1 40. Kf1 Nd3 41. Ke2 c4 42. Bd4 a5 43. Kd2 b5 44. Bb6 b4 45. Bxa5 b3
46. Bb6 h5 47. Ba7 Kf5 48. Be3 Ke4 49. Bb6 Kf5 50. Bd8 Ke4 51. h3 Ne1 52. Kc1
Nd3+ 53. Kb1 Kf5 54. Bc7 Nf2 55. Kb2 Nxh3 56. Bb6 h4 57. gxh4 Kxf4 58. h5 Kg5
59. Bd4 Kxh5 60. Kc1 Kg4 61. Kd2 Kf3 62. Bc5 Nf2 63. Bd4 Ne4+ 64. Kc1 Ke2 65.
Kb2 Kd3 66. Bg7 Nc5 67. Ka1 Na4 68. Bf6 Kc2 69. Be5 b2+ 70. Ka2 b1=Q+ 71. Ka3
Qb3# 0-1

[Event "2021 FIDE Online Olympiad"]
[Site "Chess.com"]
[Date "2021.08.28"]
[Round "6.2"]
[White "Handjaba, Mclean"]
[Black "Edwards, Emar"]
[Result "0-1"]
[WhiteElo "1909"]
[BlackElo "1455"]
[PlyCount "68"]
[EventDate "2021.08.27"]
[EventType "team"]
[EventRounds "9"]
[SourceVersionDate "2018.05.14"]
[WhiteTeam "Namibia"]
[BlackTeam "Barbados"]
[WhiteTeamCountry "NAM"]
[BlackTeamCountry "BAR"]

1. d4 d5 2. Nf3 c6 3. c4 e6 4. g3 Nf6 5. Bg2 dxc4 6. O-O b5 7. Ne5 Bb7 8. a4 a6
9. b3 cxb3 10. axb5 axb5 11. Rxa8 Bxa8 12. Nc3 Qb6 13. Qxb3 Be7 14. Nxb5 O-O
15. Qa4 cxb5 16. Qxa8 Qxd4 17. Nc6 Nxc6 18. Qxc6 b4 19. Be3 Qd8 20. Rb1 Qc8 21.
Qb5 Rd8 22. h3 Nd5 23. Rc1 Nc3 24. Bb7 Qb8 25. Qa6 Nxe2+ 26. Qxe2 Qxb7 27. Rb1
h6 28. Qc4 Qd5 29. Qc2 Qd3 30. Qb2 Rc8 31. h4 Qc2 32. Qa1 Bf6 33. Rc1 Bxa1 34.
Rxc2 Rxc2 0-1

[Event "2021 FIDE Online Olympiad"]
[Site "Chess.com"]
[Date "2021.08.28"]
[Round "6.3"]
[White "Figueroa, Julissa"]
[Black "Mentile, Lishen"]
[Result "0-1"]
[WhiteElo "1701"]
[BlackElo "1477"]
[PlyCount "56"]
[EventDate "2021.08.27"]
[EventType "team"]
[EventRounds "9"]
[SourceVersionDate "2018.05.14"]
[WhiteTeam "Barbados"]
[BlackTeam "Namibia"]
[WhiteTeamCountry "BAR"]
[BlackTeamCountry "NAM"]

1. e4 d5 2. exd5 Qxd5 3. Nc3 Qa5 4. d4 c6 5. Bc4 Bf5 6. Bd2 Qd8 7. Nge2 Nf6 8.
h3 e6 9. g4 Bg6 10. Bg5 Be7 11. Qd2 Nbd7 12. O-O-O Qb6 13. Be3 Qa5 14. Nf4
O-O-O 15. Nxg6 hxg6 16. Qe2 Bb4 17. Rd3 Nb6 18. Bb3 Bxc3 19. Rxc3 Nbd5 20. Bxd5
Nxd5 21. Ra3 Qb6 22. Bd2 Qxd4 23. Rd1 Qc5 24. Ba5 Rd7 25. Rdd3 Nf4 26. Qd2
Nxd3+ 27. Rxd3 Rxd3 28. Qxd3 Qxa5 0-1

[Event "2021 FIDE Online Olympiad"]
[Site "Chess.com"]
[Date "2021.08.28"]
[Round "6.4"]
[White "Horn, Lure"]
[Black "Wilson, Hannah"]
[Result "0-1"]
[WhiteElo "1066"]
[BlackElo "1164"]
[PlyCount "54"]
[EventDate "2021.08.27"]
[EventType "team"]
[EventRounds "9"]
[SourceVersionDate "2018.05.14"]
[WhiteTeam "Namibia"]
[BlackTeam "Barbados"]
[WhiteTeamCountry "NAM"]
[BlackTeamCountry "BAR"]

1. e4 c5 2. Nf3 g6 3. d4 cxd4 4. Qxd4 Nf6 5. e5 Nc6 6. Qc3 Nd5 7. Qd3 Nb6 8.
Nc3 Bg7 9. Bf4 O-O 10. O-O-O a5 11. Qe3 a4 12. a3 f6 13. e6 Qe8 14. Qxb6 dxe6
15. Bb5 Bd7 16. Bxa4 f5 17. Qxb7 Bxc3 18. Rxd7 Bxb2+ 19. Kxb2 e5 20. Bb3+ Kh8
21. Bh6 Rf6 22. Nxe5 Rb8 23. Qc7 Rc8 24. Qb6 Nxe5 25. Qe3 Nxd7 26. Re1 e5 27.
Bg5 Rfc6 0-1

[Event "2021 FIDE Online Olympiad"]
[Site "Chess.com"]
[Date "2021.08.28"]
[Round "6.5"]
[White "Wilson, Louis"]
[Black "Gaoseb, Manfredo"]
[Result "1/2-1/2"]
[WhiteElo "1143"]
[BlackElo "1647"]
[PlyCount "180"]
[EventDate "2021.08.27"]
[EventType "team"]
[EventRounds "9"]
[SourceVersionDate "2018.05.14"]
[WhiteTeam "Barbados"]
[BlackTeam "Namibia"]
[WhiteTeamCountry "BAR"]
[BlackTeamCountry "NAM"]

1. e4 c5 2. Nf3 d6 3. d4 cxd4 4. Nxd4 Nf6 5. Nc3 g6 6. Bc4 Bg7 7. f3 Nc6 8. Be3
Bd7 9. Bb3 Qc7 10. Qd2 O-O 11. g4 Ne5 12. O-O-O Nc4 13. Bxc4 Qxc4 14. h4 h5 15.
gxh5 Nxh5 16. Nde2 b5 17. Kb1 Be6 18. Nf4 b4 19. Ncd5 Nxf4 20. Bxf4 Bxd5 21.
exd5 Bc3 22. Qe3 Rfc8 23. Qe4 Qa6 24. Qd3 Qxd3 25. Rxd3 Bf6 26. h5 g5 27. Rg1
Kh7 28. Bxg5 Bxg5 29. Rxg5 Rg8 30. Rg4 Kh6 31. Rd2 Rxg4 32. fxg4 Rc8 33. Rd4 a5
34. Kc1 Rc7 35. Kd2 f5 36. gxf5 Kxh5 37. Rf4 Kg5 38. Rf1 Rc5 39. c3 Rxd5+ 40.
Kc2 bxc3 41. bxc3 Rxf5 42. Rd1 a4 43. a3 Kf6 44. Rd4 Ra5 45. Kd3 Ke5 46. Rh4
Kd5 47. Rh5+ e5 48. Rh4 Kc5 49. Rc4+ Kd5 50. Rb4 Ra6 51. c4+ Ke6 52. Ke4 Rc6
53. Rxa4 Rc5 54. Kd3 Kf5 55. Rb4 Kf4 56. Rb5 Rc6 57. a4 Kf3 58. a5 e4+ 59. Kc3
e3 60. Kd3 Rc5 61. Rxc5 dxc5 62. a6 e2 63. a7 e1=Q 64. a8=Q+ Kg3 65. Qg8+ Kf4
66. Qf7+ Kg5 67. Qd5+ Kf6 68. Qf3+ Ke6 69. Qe4+ Qxe4+ 70. Kxe4 Kd6 71. Kf5 Kc6
72. Ke6 Kc7 73. Ke5 Kc6 74. Ke6 Kc7 75. Kf5 Kd7 76. Ke5 Ke7 77. Kd5 Kd7 78.
Kxc5 Kc7 79. Kb5 Kb7 80. c5 Kc7 81. c6 Kc8 82. Kc5 Kc7 83. Kd5 Kc8 84. Kd6 Kd8
85. Kd5 Kc7 86. Kc5 Kc8 87. Kb5 Kc7 88. Kc5 Kc8 89. Kb6 Kb8 90. c7+ Kc8 1/2-1/2

[Event "2021 FIDE Online Olympiad"]
[Site "Chess.com"]
[Date "2021.08.28"]
[Round "6.6"]
[White "Van Wyk, Keisha C"]
[Black "Moore, Gaybrianna"]
[Result "0-1"]
[WhiteElo "1207"]
[BlackElo "1321"]
[PlyCount "150"]
[EventDate "2021.08.27"]
[EventType "team"]
[EventRounds "9"]
[SourceVersionDate "2018.05.14"]
[WhiteTeam "Namibia"]
[BlackTeam "Barbados"]
[WhiteTeamCountry "NAM"]
[BlackTeamCountry "BAR"]

1. e4 e5 2. Nf3 Nc6 3. d4 exd4 4. Nxd4 Bc5 5. Be3 Qf6 6. c3 Nge7 7. Bc4 O-O 8.
O-O Rd8 9. Nb5 Bxe3 10. fxe3 Qe5 11. Qf3 Rf8 12. Nd2 Nd8 13. Nd4 Ng6 14. Nf5
Qc5 15. Ng3 Ne5 16. Qe2 Nxc4 17. Nxc4 d5 18. exd5 Qxd5 19. Rad1 Qe6 20. Kh1 Bd7
21. Na3 a6 22. b3 b5 23. Nc2 a5 24. Qd3 Bc6 25. e4 Nb7 26. Nd4 Qg6 27. Nxc6
Qxc6 28. Qd4 Rad8 29. Qe5 Rxd1 30. Rxd1 Nd6 31. Nh5 f6 32. Qe6+ Kh8 33. Qg4 Rf7
34. Qg3 Qxe4 35. Qh3 Re7 36. Qg3 Nf5 37. Rd8+ Re8 38. Rxe8+ Qxe8 39. Qf2 Qxh5
40. Qd2 Qf7 41. Qd8+ Qg8 42. Qxc7 Qe8 43. h3 Qe1+ 44. Kh2 Qe5+ 45. Qxe5 fxe5
46. g4 Ne3 47. Kg3 Nd5 48. c4 Nc3 49. a3 bxc4 50. bxc4 Kg8 51. Kf3 Kf7 52. Ke3
Ke6 53. Kd3 Na4 54. Ke4 Kd6 55. h4 g6 56. Kd3 Kc5 57. Ke4 Kxc4 58. Kxe5 Kb3 59.
Kf6 Kxa3 60. Kg7 Nc5 61. Kxh7 Kb4 62. Kxg6 a4 63. h5 Ne6 64. h6 a3 65. h7 Nf8+
66. Kg7 Nxh7 67. Kxh7 a2 68. g5 a1=Q 69. g6 Qh1+ 70. Kg7 Kc5 71. Kg8 Kd6 72. g7
Qf3 73. Kh8 Qh5+ 74. Kg8 Ke6 75. Kf8 Qf7# 0-1

[Event "2021 FIDE Online Olympiad"]
[Site "Chess.com"]
[Date "2021.08.28"]
[Round "6.1"]
[White "Adu-Poku, Kwabena"]
[Black "Ortiz, Marcos"]
[Result "0-1"]
[WhiteElo "1831"]
[BlackElo "2221"]
[PlyCount "86"]
[EventDate "2021.08.27"]
[EventType "team"]
[EventRounds "9"]
[SourceVersionDate "2018.05.14"]
[WhiteTeam "Ghana"]
[BlackTeam "Nicaragua"]
[WhiteTeamCountry "GHA"]
[BlackTeamCountry "NCA"]

1. d4 Nf6 2. Nf3 g6 3. g3 Bg7 4. Bg2 O-O 5. O-O d6 6. b3 Nbd7 7. Bb2 c6 8. Re1
Qc7 9. e4 e5 10. c4 Re8 11. dxe5 dxe5 12. Nc3 Nc5 13. b4 Rd8 14. Qe2 Nd3 15.
Red1 Nxb2 16. Qxb2 Bg4 17. h3 Bxf3 18. Bxf3 Rd4 19. Qb3 Rad8 20. Ne2 R4d7 21.
c5 h5 22. h4 Nh7 23. Kg2 Nf8 24. g4 hxg4 25. Bxg4 Rxd1 26. Rxd1 Qe7 27. Rxd8
Qxd8 28. Kh3 Qd2 29. a4 Bf6 30. h5 Qe1 31. Qf3 Nh7 32. Kg2 Qxb4 33. hxg6 fxg6
34. Be6+ Kg7 35. Qd3 Qxc5 36. Ng3 Qe7 37. Bb3 Ng5 38. Qc4 Nf7 39. a5 a6 40. f3
Bh4 41. Ne2 Nh6 42. Nc3 Qg5+ 43. Kf1 Qe3 0-1

[Event "2021 FIDE Online Olympiad"]
[Site "Chess.com"]
[Date "2021.08.28"]
[Round "6.2"]
[White "Alfaro, William"]
[Black "Fomevor, Cephas Clinton"]
[Result "1-0"]
[WhiteElo "2165"]
[BlackElo "1550"]
[PlyCount "99"]
[EventDate "2021.08.27"]
[EventType "team"]
[EventRounds "9"]
[SourceVersionDate "2018.05.14"]
[WhiteTeam "Nicaragua"]
[BlackTeam "Ghana"]
[WhiteTeamCountry "NCA"]
[BlackTeamCountry "GHA"]

1. d4 d5 2. Nf3 Nf6 3. c4 c6 4. Nc3 dxc4 5. a4 Bf5 6. Ne5 e6 7. g3 Bb4 8. Bg2
O-O 9. O-O h6 10. Nxc4 Nbd7 11. a5 a6 12. Qb3 Bxc3 13. bxc3 c5 14. Ba3 Rb8 15.
Nd6 Bg6 16. dxc5 Qc7 17. Qc4 Rfd8 18. Rfd1 Ne5 19. Qb3 Nc6 20. Bb4 Rd7 21. Qa4
Rbd8 22. Rdc1 Nd5 23. e4 Nde7 24. Rd1 Ne5 25. h3 N5c6 26. Nc4 Rd3 27. Rxd3 Rxd3
28. Rd1 Qd8 29. Rc1 Nc8 30. Qc2 Rd7 31. Qe2 N8a7 32. Nd6 Nb5 33. Kh2 Nxd6 34.
cxd6 Nxa5 35. e5 Nc6 36. Bxc6 bxc6 37. Qxa6 Be4 38. Bc5 Qb8 39. Qb6 Rb7 40. Qa5
Rb1 41. Qa3 Qb5 42. d7 Qe2 43. Rxb1 Bxb1 44. d8=Q+ Kh7 45. Qd4 Be4 46. Qc1 Qf3
47. Qxe4+ Qxe4 48. Qe3 Qf5 49. Bd6 Qc2 50. Kg2 1-0

[Event "2021 FIDE Online Olympiad"]
[Site "Chess.com"]
[Date "2021.08.28"]
[Round "6.3"]
[White "Ayiku, Angela Naa Amerley"]
[Black "Narvaez Talavera, Joanie Ellen"]
[Result "0-1"]
[WhiteElo "1415"]
[BlackElo "1743"]
[PlyCount "118"]
[EventDate "2021.08.27"]
[EventType "team"]
[EventRounds "9"]
[SourceVersionDate "2018.05.14"]
[WhiteTeam "Ghana"]
[BlackTeam "Nicaragua"]
[WhiteTeamCountry "GHA"]
[BlackTeamCountry "NCA"]

1. e4 e6 2. Nf3 d5 3. exd5 exd5 4. Nc3 c6 5. d4 Bd6 6. Bg5 Ne7 7. Bd3 O-O 8.
O-O Bg4 9. Re1 Qc7 10. Bxe7 Bxe7 11. h3 Bh5 12. Be2 Bf6 13. Nh2 Bxe2 14. Nxe2
Nd7 15. c3 Be7 16. Ng3 Bd6 17. Qf3 Nf6 18. Ng4 Nxg4 19. Qxg4 Bxg3 20. fxg3 Rae8
21. Qf4 Qb6 22. b3 Qd8 23. Re5 f6 24. Ree1 Re7 25. Qd2 Rfe8 26. a3 f5 27. c4
Re4 28. Qc3 Rxe1+ 29. Rxe1 Rxe1+ 30. Qxe1 dxc4 31. Qe6+ Kh8 32. Qxc4 h6 33. Qd3
Qd7 34. b4 Qe6 35. Qf3 g6 36. Kh2 Kg7 37. Qf4 Qe7 38. g4 fxg4 39. Qxg4 Qd6+ 40.
Kg1 Kf7 41. Kf2 Qe6 42. Qf4+ Qf6 43. Kf3 Qxf4+ 44. Kxf4 Ke6 45. Ke4 b6 46. g4
a6 47. a4 g5 48. a5 b5 49. Kd3 Kd5 50. Ke3 Kc4 51. Ke4 Kxb4 52. d5 cxd5+ 53.
Kxd5 Kxa5 54. Kd4 Kb4 55. Kd3 Kb3 56. Kd2 a5 57. Kc1 Ka2 58. Kc2 b4 59. Kc1 b3
0-1

[Event "2021 FIDE Online Olympiad"]
[Site "Chess.com"]
[Date "2021.08.28"]
[Round "6.4"]
[White "Munoz Cortez, Anahi Alexandra"]
[Black "Dotse, Dzidzor Esi"]
[Result "1/2-1/2"]
[WhiteElo "1303"]
[BlackElo "1120"]
[PlyCount "159"]
[EventDate "2021.08.27"]
[EventType "team"]
[EventRounds "9"]
[SourceVersionDate "2018.05.14"]
[WhiteTeam "Nicaragua"]
[BlackTeam "Ghana"]
[WhiteTeamCountry "NCA"]
[BlackTeamCountry "GHA"]

1. e4 c6 2. d4 d5 3. exd5 cxd5 4. Be3 Nf6 5. h3 Nc6 6. Nf3 Bf5 7. Nbd2 e6 8. c3
Be7 9. Be2 O-O 10. O-O h6 11. Nh2 Qb6 12. Qb3 Qc7 13. f4 Bd6 14. Qd1 Qb6 15. b3
Be4 16. Ng4 Nxg4 17. Bxg4 Bg6 18. f5 Bh7 19. fxe6 fxe6 20. Bxe6+ Kh8 21. Bxd5
Ne7 22. Rxf8+ Rxf8 23. Bf3 Nf5 24. Bf2 Bg3 25. Qe2 Qd6 26. Ne4 Qg6 27. Bxg3
Nxg3 28. Nxg3 Qxg3 29. Qf2 Qg5 30. Re1 Bg6 31. Qe3 Qg3 32. Be4 Qxe3+ 33. Rxe3
Bxe4 34. Rxe4 b6 35. c4 Rc8 36. d5 Kh7 37. d6 a5 38. d7 Rd8 39. Rd4 Kg6 40.
Rd6+ Kf7 41. Kf2 Ke7 42. Rxb6 Rxd7 43. Ra6 Rd2+ 44. Kg3 Rxa2 45. Ra7+ Kf8 46.
c5 Ke8 47. Rxg7 Ra3 48. Rb7 a4 49. Kf2 Rxb3 50. Ra7 a3 51. Ke1 Re3+ 52. Kd2 Rb3
53. Kd1 Rd3+ 54. Kc2 Rg3 55. Kb1 Rb3+ 56. Ka2 Rg3 57. Rxa3 Rxg2+ 58. Kb3 Rg3+
59. Kb4 Rxa3 60. Kxa3 Kd7 61. Kb4 Kc6 62. Kc4 h5 63. h4 Kc7 64. Kd5 Kd7 65. c6+
Kc7 66. Kc5 Kc8 67. Kd6 Kd8 68. Ke6 Kc7 69. Kf5 Kxc6 70. Kg5 Kd7 71. Kxh5 Ke7
72. Kg6 Kf8 73. Kh7 Kf7 74. h5 Kf8 75. Kh8 Kf7 76. h6 Kf8 77. Kh7 Kf7 78. Kh8
Kf8 79. Kh7 Kf7 80. Kh8 1/2-1/2

[Event "2021 FIDE Online Olympiad"]
[Site "Chess.com"]
[Date "2021.08.28"]
[Round "6.5"]
[White "Acheampong, Dave Quansah Chief"]
[Black "Salazar Cabezas, Alberto Javier"]
[Result "1-0"]
[WhiteElo "1375"]
[BlackElo "2124"]
[PlyCount "153"]
[EventDate "2021.08.27"]
[EventType "team"]
[EventRounds "9"]
[SourceVersionDate "2018.05.14"]
[WhiteTeam "Ghana"]
[BlackTeam "Nicaragua"]
[WhiteTeamCountry "GHA"]
[BlackTeamCountry "NCA"]

1. e4 e6 2. d4 d5 3. Nc3 Nf6 4. e5 Nfd7 5. Nf3 c5 6. Bf4 Nc6 7. Nb5 cxd4 8.
Nbxd4 Qb6 9. Nxc6 bxc6 10. Rb1 Bc5 11. Bg3 Qa5+ 12. c3 Qxa2 13. Be2 Be7 14. O-O
Qa5 15. Ra1 Qb6 16. Qc2 O-O 17. Kh1 Rb8 18. Ra2 Qb3 19. Qxb3 Rxb3 20. Rb1 Rb7
21. Nd4 Rc7 22. Rba1 Bc5 23. f4 Bb6 24. Bh4 Re8 25. b4 Nf8 26. b5 Ng6 27. Bg3
c5 28. Nc6 Bd7 29. Nxa7 Ra8 30. Nc6 Rxa2 31. Rxa2 Bxc6 32. bxc6 Rxc6 33. Ra6 c4
34. Bd1 h6 35. Ba4 Rc7 36. Rxb6 Ra7 37. Rb4 h5 38. h4 Ne7 39. Rb8+ Kh7 40. Bc2+
g6 41. Rf8 Kg7 42. Rb8 Ra2 43. Bb1 Ra1 44. Kh2 Nc6 45. Rb6 Na5 46. Bc2 Rc1 47.
Ba4 Rxc3 48. Ra6 Nb3 49. Ra7 Nd4 50. Be8 Nf5 51. Rxf7+ Kg8 52. Be1 Re3 53. Bb4
c3 54. Rc7 d4 55. Bxg6 Nxh4 56. Bxh5 Nf5 57. Bf7+ Kh8 58. Bxe6 Nh4 59. Be7 Kh7
60. Bxh4+ Kh6 61. Bf2 Re2 62. Bxd4 c2 63. Bb2 Rf2 64. Bb3 Re2 65. Rxc2 Re4 66.
Rc6+ Kh5 67. Kg3 Re3+ 68. Kf2 Rxb3 69. Bd4 Kg4 70. Be3 Rb2+ 71. Ke1 Kf5 72. e6
Rb7 73. Bc5 Ke4 74. e7 Rb8 75. Re6+ Kxf4 76. e8=Q Rb1+ 77. Kf2 1-0

[Event "2021 FIDE Online Olympiad"]
[Site "Chess.com"]
[Date "2021.08.28"]
[Round "6.6"]
[White "Martinez Gutierrez, Camila Renata"]
[Black "Benson, Maud"]
[Result "1-0"]
[WhiteElo "1255"]
[BlackElo "1432"]
[PlyCount "121"]
[EventDate "2021.08.27"]
[EventType "team"]
[EventRounds "9"]
[SourceVersionDate "2018.05.14"]
[WhiteTeam "Nicaragua"]
[BlackTeam "Ghana"]
[WhiteTeamCountry "NCA"]
[BlackTeamCountry "GHA"]

1. d4 g6 2. Bf4 Nf6 3. Nf3 Bg7 4. e3 O-O 5. Bd3 d6 6. O-O Nbd7 7. c4 Re8 8. Nc3
e5 9. dxe5 dxe5 10. Bg5 h6 11. Bxf6 Nxf6 12. Bc2 Bg4 13. h3 Qxd1 14. Bxd1 Bxf3
15. Bxf3 e4 16. Be2 Nd7 17. Rad1 Rad8 18. Nd5 c6 19. Nc3 Bxc3 20. bxc3 Nc5 21.
Rd4 Na4 22. Rc1 c5 23. Rd5 b6 24. Kf1 Kg7 25. Rc2 Kf6 26. Ke1 Ke6 27. Rcd2 Rxd5
28. cxd5+ Ke5 29. Bb5 Rd8 30. Bxa4 Rxd5 31. Rxd5+ Kxd5 32. Bb3+ c4 33. Bc2 f5
34. Ke2 b5 35. a3 a5 36. f3 exf3+ 37. gxf3 Kc5 38. e4 fxe4 39. fxe4 g5 40. Kf3
b4 41. axb4+ axb4 42. cxb4+ Kxb4 43. Ke2 Kc5 44. Ke3 Kd6 45. Kd4 c3 46. Kxc3
Ke5 47. Kd3 h5 48. Bd1 h4 49. Ke3 Ke6 50. Bg4+ Ke5 51. Kd3 Kd6 52. Kd4 Ke7 53.
Kd5 Ke8 54. Kd6 Kd8 55. e5 Ke8 56. Bh5+ Kd8 57. e6 g4 58. hxg4 h3 59. e7+ Kc8
60. e8=Q+ Kb7 61. Qe1 1-0

[Event "2021 FIDE Online Olympiad"]
[Site "Chess.com"]
[Date "2021.08.29"]
[Round "7.2"]
[White "Zilleruelo Irizarry, Diego"]
[Black "Ortiz, Marcos"]
[Result "0-1"]
[WhiteElo "2119"]
[BlackElo "2221"]
[PlyCount "86"]
[EventDate "2021.08.27"]
[EventType "team"]
[EventRounds "9"]
[SourceVersionDate "2018.05.14"]
[WhiteTeam "Puerto Rico"]
[BlackTeam "Nicaragua"]
[WhiteTeamCountry "PUR"]
[BlackTeamCountry "NCA"]

1. e4 c5 2. Nf3 d6 3. d4 cxd4 4. Qxd4 Nc6 5. Qe3 Nf6 6. Be2 g6 7. O-O Bg7 8. c4
O-O 9. Nc3 Ng4 10. Qd2 Nge5 11. Rb1 Nxf3+ 12. Bxf3 Be6 13. b3 Nd4 14. Bd1 a6
15. Ne2 Nc6 16. Bb2 Bxb2 17. Rxb2 b5 18. cxb5 axb5 19. Nd4 Nxd4 20. Qxd4 Qa5
21. h4 Rfc8 22. Be2 b4 23. h5 Qc5 24. Rd1 gxh5 25. Qxc5 Rxc5 26. Rd4 Rc1+ 27.
Kh2 Ra1 28. Bxh5 R8xa2 29. Rxa2 Rxa2 30. f4 Bxb3 31. Rxb4 Bc2 32. Bf3 Ra4 33.
Rxa4 Bxa4 34. Kg3 Bc6 35. f5 Kg7 36. Kf4 Kf6 37. g4 h6 38. Bg2 e5+ 39. Kg3 Kg5
40. Bf3 f6 41. Bg2 Ba4 42. Bf3 Bc2 43. Bg2 Bd1 0-1

[Event "2021 FIDE Online Olympiad"]
[Site "Chess.com"]
[Date "2021.08.29"]
[Round "7.3"]
[White "Granados Diaz, Maria Esther"]
[Black "Vazquez Maccarini, Danitza"]
[Result "1-0"]
[WhiteElo "1797"]
[BlackElo "2014"]
[PlyCount "95"]
[EventDate "2021.08.27"]
[EventType "team"]
[EventRounds "9"]
[SourceVersionDate "2018.05.14"]
[WhiteTeam "Nicaragua"]
[BlackTeam "Puerto Rico"]
[WhiteTeamCountry "NCA"]
[BlackTeamCountry "PUR"]

1. e4 e5 2. Nf3 Nc6 3. d4 exd4 4. Bc4 Be7 5. O-O d6 6. Nxd4 Nxd4 7. Qxd4 Bf6 8.
Qd3 Ne7 9. Nc3 O-O 10. Be3 Nc6 11. f4 Na5 12. Rad1 Nxc4 13. Qxc4 Be6 14. Qd3
Re8 15. Bd4 Bxd4+ 16. Qxd4 f6 17. f5 Bf7 18. g4 Qe7 19. Kh1 a6 20. Rg1 Rad8 21.
Rde1 d5 22. exd5 Qxe1 23. Rxe1 Rxe1+ 24. Kg2 Re5 25. Qc5 c6 26. Qb6 Bxd5+ 27.
Nxd5 Rexd5 28. Qxb7 Rd2+ 29. Kg3 Rxc2 30. Qb3+ Kf8 31. Qxc2 Rd6 32. Qc5 Ke7 33.
Qa7+ Rd7 34. Qxa6 Kd6 35. a4 Kc5 36. Qa5+ Kd6 37. Qb4+ Ke5 38. Qe1+ Kd6 39. a5
c5 40. Qe6+ Kc7 41. Qb6+ Kc8 42. Qxc5+ Rc7 43. Qf8+ Kb7 44. Qb4+ Kc8 45. a6 h6
46. Qf8+ Kd7 47. a7 Rxa7 48. Qxg7+ 1-0

[Event "2021 FIDE Online Olympiad"]
[Site "Chess.com"]
[Date "2021.08.29"]
[Round "7.4"]
[White "Rivera Negron, Yanira"]
[Black "Alvarez Gutierrez, Patricia"]
[Result "1-0"]
[WhiteElo "1773"]
[BlackElo "1348"]
[PlyCount "179"]
[EventDate "2021.08.27"]
[EventType "team"]
[EventRounds "9"]
[SourceVersionDate "2018.05.14"]
[WhiteTeam "Puerto Rico"]
[BlackTeam "Nicaragua"]
[WhiteTeamCountry "PUR"]
[BlackTeamCountry "NCA"]

1. d4 d5 2. Nf3 Nf6 3. c3 c5 4. Bf4 Nc6 5. e3 Qb6 6. Qb3 c4 7. Qxb6 axb6 8. a3
Bf5 9. Nbd2 e6 10. Be2 b5 11. Nh4 b4 12. Nxf5 bxc3 13. bxc3 exf5 14. O-O Be7
15. Rfb1 Ra7 16. a4 O-O 17. f3 Rfa8 18. Bd1 Nh5 19. Bc7 b5 20. Bb6 Rb7 21. a5
b4 22. cxb4 Bxb4 23. Nf1 Bxa5 24. Bxa5 Rxa5 25. Rxa5 Nxa5 26. Rxb7 Nxb7 27. Ba4
Nf6 28. Kf2 Kf8 29. Bc6 Nd8 30. Ba4 Ke7 31. Ng3 g6 32. Ne2 Kd6 33. Nf4 Ne6 34.
Ne2 Nc7 35. Ke1 Ne6 36. Kd2 Nd8 37. Kc3 Nc6 38. Ng1 Na5 39. Nh3 Nc6 40. Ng5 Nd8
41. g3 h6 42. Nh3 Kc7 43. Nf4 Kb6 44. Bc2 Ka5 45. Nh3 Nb7 46. Nf2 Nd6 47. e4
Nb5+ 48. Kd2 Nxd4 49. exf5 Nxc2 50. Kxc2 gxf5 51. Kc3 Kb5 52. Kd4 Kc6 53. Nd1
Nd7 54. Ne3 Nb6 55. Nxf5 Kb5 56. Nd6+ Kb4 57. Ke3 c3 58. Kd3 Kb3 59. Nb5 c2 60.
Nd4+ Kb4 61. Nxc2+ Kc5 62. Ne3 Kd6 63. Nf5+ Ke5 64. Nxh6 f5 65. Nf7+ Ke6 66.
Ng5+ Kf6 67. Nh3 Nd7 68. Kd4 Ne5 69. f4 Nf3+ 70. Kxd5 Nxh2 71. Ng1 Nf1 72. Ne2
Ne3+ 73. Kd4 Ng4 74. Kd3 Nf2+ 75. Ke3 Ng4+ 76. Kf3 Nh6 77. Nd4 Ng4 78. Nc6 Nh6
79. Ne5 Nf7 80. Nxf7 Kxf7 81. Ke3 Kf6 82. Kd4 Ke6 83. Kc4 Kd6 84. Kd4 Ke6 85.
Kc5 Ke7 86. Kd5 Kf6 87. Kd6 Kf7 88. Ke5 Kg6 89. Ke6 Kh5 90. Kxf5 1-0